Statistiche per Mappa delle capitali del Sudamerica

Clicka qui per fare il quiz!

Statistiche generali

  • Questo quiz è stato fatto 1.760 volte
  • Il punteggio medio è 9 su 12

Risposte nella Mappa

Le risposte nella mappa del quiz sottostante sono codificate secondo una scala di colori dal rosso al verde in base alla % di persone che hanno risposto correttamente.
Caricamento ...
 

Statistiche sulle risposte

Risposta% Corretto
Brasilia
96%
Buenos Aires
92%
Santiago
85%
Bogota
84%
Lima
84%
Caracas
79%
Montevideo
78%
La Paz / Sucre
73%
Georgetown
72%
Quito
70%
Asuncion
65%
Paramaribo
49%

Distribuzione punteggi

Percentile per numero di risposta

Percentuale di utenti per punteggio

I tuoi punteggi nel tempo

Non hai fatto questo quiz